En palacio y en la calle (Record no. 157100)
[ view plain ]
| 000 -LEADER | |
|---|---|
| campo de control de longitud fija | 00876nam a22001935i 4500 |
| 001 - NÚMERO DE CONTROL | |
| campo de control | 157100 |
| 003 - IDENTIFICADOR DE NÚMERO DE CONTROL | |
| campo de control | ES-MaACL |
| 005 - FECHA Y HORA DE LA ÚLTIMA TRANSACCIÓN | |
| campo de control | 20250824063051.0 |
| 008 - DATOS DE LONGITUD FIJA--INFORMACIÓN GENERAL | |
| campo de control de longitud fija | 000706s1853 sp |||| | spa d |
| 040 ## - FUENTE DE CATALOGACIÓN | |
| Centro catalogador/agencia de origen | AR |
| Lengua de catalogación | spa |
| Centro/agencia transcriptor | AR |
| 100 1# - ENTRADA PRINCIPAL--NOMBRE DE PERSONA | |
| Nombre de persona | Larra y Wetoret, Luis Mariano de, |
| Fechas asociadas al nombre | 1830-1901 |
| 9 (RLIN) | 70289 |
| 245 10 - MENCIÓN DEL TÍTULO | |
| Título | En palacio y en la calle |
| Resto del título | : drama en tres actos y en verso / |
| Mención de responsabilidad, etc. | original de Luis Mariano de Larra. |
| 260 ## - PUBLICACIÓN, DISTRIBUCIÓN, ETC. | |
| Lugar de publicación, distribución, etc. | Madrid : |
| Nombre del editor, distribuidor, etc. | [Delgado Hermanos], |
| Fecha de publicación, distribución, etc. | 1853 ( |
| Fabricante | Imp. de José María Repullés) |
| 300 ## - DESCRIPCIÓN FÍSICA | |
| Extensión | 78 p. ; |
| Dimensiones | 19 cm. |
| 500 ## - NOTA GENERAL | |
| Nota general | En port.: Estrenado en el Teatro del Príncipe el día 25 de mayo de 1853. |
| 596 ## - NOTA AL PIE DE IMPRENTA | |
| NOTA AL PIE DE IMPRENTA | Ed. tomado de la cub. |
| 852 ## - LOCALIZACIÓN | |
| Ubicación | ES-MaACL |
| Número de control de estantería | F-8613(3) |
| Nota libre | -- Enc. pasta española |
| condición física | -- Falto de la cub. original |
| Nota libre | -- Enc. en un vol. facticio formando parte de la col. facticia "Teatro español moderno", vol. 68 |
| Estatus retirado | Estado de pérdida | Estado de daño | No para préstamo | Colección | Biblioteca de origen | Biblioteca actual | Ubicación en estantería | Fecha de adquisición | Total de préstamos | Signatura topográfica completa | Código de barras | Visto por última vez | Precio de reemplazo | Tipo de ítem Koha |
|---|---|---|---|---|---|---|---|---|---|---|---|---|---|---|
| Libros del s. XIX | Biblioteca del Ateneo de Madrid | Biblioteca del Ateneo de Madrid | Sala Pecera Planta 2 | 17/01/2008 | F-8613(3) | 1164374 | 23/02/2023 | 23/02/2023 | Libro impreso antiguo |
